| 000 | 01028nas a2200313 a 4500 | ||
|---|---|---|---|
| 999 |
_c7557 _d7557 |
||
| 001 | 991028595929706706 | ||
| 003 | OSt | ||
| 005 | 20211217130018.0 | ||
| 008 | 041025c19999999sp || ||| ||| 0 ||spa|c | ||
| 020 | _a8492275928 | ||
| 035 | _a(ES-BaCBU).b32264392 | ||
| 035 | _a(OCoLC)803212085 | ||
| 040 |
_aES-BaCBU _bcat _cCDMR |
||
| 080 | _a070.4(05) | ||
| 245 | 0 | 0 |
_aInnovaciones en periódicos : _binforme mundial 1999 _c/ [Editores: Juan Antonio Giner, Barry Sussman] |
| 260 |
_aPamplona : _bInnovation, _c1999 |
||
| 300 |
_a79 pàgines _b: il.; _c30 cm |
||
| 546 | _aEs publica també en anglès | ||
| 650 | 0 | 4 |
_aDiaris _xDisseny |
| 650 | 0 | 7 |
_aDiaris _xCompaginació i composició _2lemac |
| 650 | 0 | 4 |
_aPremsa _xInnovacions tecnològiques |
| 700 | 1 |
_91748 _aGiner, Juan Antonio |
|
| 700 |
_94765 _aSussman, Barry |
||
| 710 | 2 | _aInnovation International Media Consulting Group | |
| 907 |
_a.b32264392 _b11-02-21 _c09-05-08 _d25-10-04 _es _fb _g- _hspa _isp _j0 _k2 |
||
| 908 |
_aUAB _aUPF |
||
| 940 | _aUAB | ||
| 942 |
_2udc _cMON |
||